000 00384nam a2200157Ia 4500
008 230711s9999||||xx |||||||||||||| ||und||
041 _aENG
082 _a530.141
_bFR-F
100 _aFranklin,Gene F
245 0 _aFeedback control of dynamic system
250 _a4th . Ed.
260 _c2005
_aNew Delhi
_bPearson
300 _a928
650 _aElectrical Engineering
942 _cBK
999 _c4466
_d4466